| 000 | 00496nam a2200181Ia 4500 | ||
|---|---|---|---|
| 008 | 230718s9999 xx 000 0 und d | ||
| 020 | _a81 7660 089 X | ||
| 041 | _aeng | ||
| 082 |
_a658.4 _bJHA |
||
| 100 | _aJhamb L.C. | ||
| 245 | _aIndustrial Management I | ||
| 250 | _a10th ed. | ||
| 260 |
_c2011 _bEverest Publishing House |
||
| 300 |
_a1060 _dRef 1423 E (40964) |
||
| 365 |
_cRs. _b505.00 |
||
| 700 | _aJhamb L.C. & Jhamb S. | ||
| 906 |
_dO:0254513-Feb-2012B:283430-Jan-2012 _cETC _b606 |
||
| 999 |
_c329863 _d329863 |
||